000
00313cam a22001217a 4500
008
180718b1960 xxu||||| |||| 00| 0 eng d
082
_a
T20651 Ez39
100
_a
Ezhov, A.I.
245
_a
Industrial statistics
_c
by A.I. Ezhov
260
_a
Bombay
_b
Asia
_c
1960
300
_a
322p.
650
_a
Industry - Statistics
999
_c
365082
_d
365082